Investment and quality of output in an economy with shortage.
Model podnikových operácií v nedostatkových ekonomikách. Numerické výsledky modelu. Správanie sa firiem v priestore. Rozvoj modelu - základné rysy nedostatkových ekonomík (neisté zásobovanie, neistý dopyt). Účinok kvality na dopyt. Funkcia výrobná.
Gespeichert in:
| 1. Verfasser: | |
|---|---|
| Format: | Buchkapitel |
| Sprache: | Englisch |
| Schlagworte: | |
| Tags: |
Keine Tags, Fügen Sie das erste Tag hinzu!
|
MARC
| LEADER | 00000naa a2200000 4500 | ||
|---|---|---|---|
| 001 | r001704 | ||
| 005 | 20220909073750.1 | ||
| 041 | 0 | |a eng | |
| 044 | |a NL | ||
| 245 | 1 | 0 | |a Investment and quality of output in an economy with shortage. |c P.G. Hare |
| 520 | |a Model podnikových operácií v nedostatkových ekonomikách. Numerické výsledky modelu. Správanie sa firiem v priestore. Rozvoj modelu - základné rysy nedostatkových ekonomík (neisté zásobovanie, neistý dopyt). Účinok kvality na dopyt. Funkcia výrobná. | ||
| 610 | 2 | 0 | |a rozhodovanie podnikové |
| 610 | 2 | 0 | |a modely |
| 610 | 2 | 0 | |a funkcie produkčné |
| 610 | 2 | 0 | |a zásobovanie |
| 610 | 2 | 0 | |a dopyt |
| 100 | 1 | |a Hare, P.G. | |